UBT Library

The human record : (Record no. 1039)

000 -LEADER
fixed length control field 00551nam a22001937a 4500
008 - FIXED-LENGTH DATA ELEMENTS--GENERAL INFORMATION
fixed length control field 150612b xxu||||| |||| 00| 0 eng d
020 ## - INTERNATIONAL STANDARD BOOK NUMBER
International Standard Book Number 0618370404 (v. 1)
020 ## - INTERNATIONAL STANDARD BOOK NUMBER
International Standard Book Number 0618370412 (v. 2)
041 0# - LANGUAGE CODE
Language code of text/sound track or separate title eng
080 ## - UNIVERSAL DECIMAL CLASSIFICATION NUMBER
Universal Decimal Classification number 93
100 1# - Rafti
Rafti Andrea, Alfred J.,
245 14 - TITLE STATEMENT
Title The human record :
Statement of responsibility, etc Alfred J. Andrea, James H. Overfield.
250 ## -
-- 5th ed.
260 ## -
-- Boston :
-- Houghton Mifflin
-- 2005.
300 ## -
-- 543 f.:
-- me il.;
-- 23 cm.
650 #0 -
-- Histori
700 1# -
-- Overfield, James H.,
942 ## - ADDED ENTRY ELEMENTS (KOHA)
Source of classification or shelving scheme
Item type Books
Holdings
Withdrawn status Lost status Source of classification or shelving scheme Damaged status Not for loan Collection code Permanent location Current location Shelving location Date acquired Total Checkouts Full call number Barcode Date last seen Koha item type Price effective from
          Koleksioni i përgjithshem UBT - Lipjan UBT - Lipjan Koleksioni i përgjithshem 06/12/2015   93 OVE 002-007929 06/12/2015 Books  
          Koleksioni i përgjithshem UBT - Lipjan UBT - Lipjan Koleksioni i përgjithshem 09/28/2015   93 OVE 002-007928 09/28/2015 Books 09/28/2015
          Koleksioni i përgjithshem UBT - Lipjan UBT - Lipjan Koleksioni i përgjithshem 09/28/2015   93 OVE 002-007927 09/28/2015 Books 09/28/2015
          Koleksioni i përgjithshem UBT - Lipjan UBT - Lipjan Koleksioni i përgjithshem 09/28/2015   93 OVE 002-007926 09/28/2015 Books 09/28/2015
          Koleksioni i përgjithshem UBT - Lipjan UBT - Lipjan Koleksioni i përgjithshem 09/28/2015   93 OVE 002-007925 09/28/2015 Books 09/28/2015
UBT Library © 2015-2024. All rights reserved University Education for Business and Technology